|
|
|
|
| LEADER |
00757naa a2200229 i 4500 |
| 001 |
misc39097 |
| 005 |
20200430141510.0 |
| 008 |
180510s1990 hu o 0|| hun d |
| 022 |
|
|
|a 0865-0632
|
| 040 |
|
|
|a SZTE Miscellanea Repozitórium
|b hun
|
| 041 |
|
|
|a hun
|
| 041 |
|
|
|a lat
|
| 041 |
|
|
|a ger
|
| 100 |
1 |
|
|a Németh Sándor
|
| 245 |
1 |
0 |
|a Két levél a Thury Etele másolatgyűjteményéből
|h [elektronikus dokumentum] /
|c Németh Sándor
|
| 260 |
|
|
|c 1990
|
| 300 |
|
|
|a 173-184
|
| 490 |
0 |
|
|a Lymbus Művelődéstörténeti Tár
|v 2
|
| 695 |
|
|
|a Levelezés - magyar - 17. sz., Thury Etele, Kállai Kopis János
|
| 700 |
0 |
1 |
|a Thury Etele
|
| 700 |
0 |
2 |
|a Kállai Kopis János
|
| 856 |
4 |
0 |
|u http://misc.bibl.u-szeged.hu/39097/1/lym_002_173-184.pdf
|z Dokumentum-elérés
|